Вірші (Запис № 17606)

000 -Маркер запису
Контрольне поле сталої довжини 01381nam a22002537a 4500
003 - Належність контрольного номера
Контрольне поле Uzh_bibl
008 - Кодовані дані
Контрольне поле сталої довжини 260501b |||||||| |||| 00| 0 ukr d
020 ## - Індекс ISBN
Ціна 0.95
040 ## - Джерело каталогіз.
Служба первин.кат. укр.
041 ## - Код мови видання
Код мови оригіналу українська
Код мови тексту українська
080 ## - Індекс УДК
Індекс УДК 821(477)
090 ## - Шифри
Поличний індекс 821(477)
Авторський знак М 76
100 ## - Автор
Автор Молякевич, Дмитро
245 ## - Назва
Назва Вірші
Фізичний носій Текст
260 ## - Вихідні дані
Місце видання Київ
Видавництво Дніпро
Дата видання 1986
300 ## - Фізичний опис
Обсяг 215 с.
Тип одиниці В опр.
520 ## - Анотація
Анотація До збірки українського радянського поета ввійшли кращі його твори з попередніх видань. Автор гострим сатиричним пером бореться проти тих негативних явищ, які супротивні нашому способу життя, з посмішкою пише про слабкості, що їх часом виявляють люди.
521 ## - Примітка про цільове призначення
Примітка про цільове призначення Для широкого кола читачів
546 ## - Примітка про мову
Примітка про мову укр.
650 ## - Тематичні рубрики
Основна рубрика Літературно-художнє видання
Хронологічна підрубрика ХХ століття (радянський період, сучасне автору життя)
Географічна підрубрика Україна
653 ## - Ключові слова
Ключові слова Сатира
-- Гумор
-- Людина
-- Недоліки
-- Суспільство
655 ## - Термін індексування — жанр/форма
Жанр/форма Поезія (гумор і сатира)
Типове ділення Гумор і сатира
942 ## - ADDED ENTRY ELEMENTS (KOHA)
Джерело класифікації чи схема поличного розташування
Koha item type Книги
Фонди
Статус вилучення Статус втрати/відсутності Джерело класифікації чи схема поличного розташування Статус пошкодження Тип обігу (не для випозичання) Постійне розташування Поточне розташування Дата надходження Інвентарний номер Total Checkouts Повний (примірниковий) шифр зберігання Штрих-код Date last seen Дата, для якої чинна ціна заміни Тип одиниці (рівень примірника)
          Публічна бібліотека Публічна бібліотека 01/05/2026 27407   821(477) 20340 01/05/2026 01/05/2026 Книги

Працює на АБІС Коха